02173cam a22004454i 4500003000900000005001700009008004100026020001500067035002700082040003300109049000900142082001800151245034900169264006300518300006300581336002100644337002500665338002300690504004000713505043500753526000901188526000901197526000901206526000901215526000901224526000901233526000801242526000801250526000801258526000801266526000801274526000801282650003301290700002401323942001401347949011801361980005501479999001701534952017601551PE-LiUPU20250731184529.0150623s1998 miua rb 000 0 eng d a0802838405 a(Sirsi) i9780802838407 aPE-LiUPUbspacPE-LiUPUerda aPRUA04a930221bA54100aAncient history in a modern university : proceedings of a conference held at Macquarie University, 8-13 July, 1993 : to mark twenty-five years of the teaching of ancient history at Macquarie University and the retirement from the chair of professor Edwin Judge :bThe ancient Near East, Greece, and Rome /ceditado por T.W. Hillard .. [et al.]. 1aMichigan :bWilliam B. Eerdmans Publishing Company,c1998. a435 páginas :bilustraciones láms. ;c25 centímetros atext2rdacontent aunmediated2rdamedia avolume2rdacarrier aBibliografía al pie de páginas.0 aThe study of antiquity: vaious approaches to antiquity -- The archaeology and history of the ancient near east : the people of ancient egypt -- Anatolia, Mesopotamia and Syria/Palestine -- Greek and Roman history: archaic and classical Greece -- Alexander and Hellenism in Egypt -- The Roman state and people -- Roman in the Mid-First century B.C. -- The age off the caesars: literature and archaeology -- The classical tradition. aP136 aP135 aP134 aP133 aP144 aP143 aP87 aP35 aP20 aP14 aP10 aP0614aHistoria AntiguaxCongresos.1 aHillard, T. W.,ed. 2ddccBOOK a930 A14wDEWEYc1i44854lCCODEBUL1mBULr0sYtBOOKu2015-6-24xTEOLOGIA0COMPRAo.STAFF. Colección Teología 81gALBERTO SANCHEZ Responsable de Automatización c21728d21728 r2025-12-03 00:00:00i6l0o930 A541p44854te1v30.00w2015-06-24xFACIHEDyBKzinventario-2023-12-13102ddc3v150708GENfP14aBULbBULcGENd2015-06-24eCOMPRAg25.00